[Event "Torneo Nuevo Centro. Jornada 7"]
[Site "Chess.com"]
[Date "2020.07.31"]
[Round "4"]
[White "Portillo Torrente, Manuel"]
[Black "Rabbani Perez, Ayoub"]
[Result "1-0"]
[WhiteElo "1384"]
[BlackElo "276"]
[PlyCount "39"]
[EventDate "2020.??.??"]

1. d4 c5 2. Nf3 cxd4 3. Nxd4 Nc6 4. Nxc6 dxc6 5. Qxd8+ Kxd8 6. e4 e5 7. Nc3 b5
8. Be2 Ba6 9. O-O Rb8 10. a4 bxa4 11. Bxa6 Rxb2 12. Bxb2 a3 13. Bxa3 c5 14. Nd5
Bd6 15. Rad1 Nh6 16. Ne3 Kc7 17. Rd5 c4 18. Bxd6+ Kb6 19. Bxc4 a6 20. Rb1+ 1-0

[Event "Torneo Nuevo Centro. Jornada 7"]
[Site "Chess.com"]
[Date "2020.07.31"]
[Round "4"]
[White "Pardo Ruiz, Carlos"]
[Black "Vega Gutiérrez, Sabrina"]
[Result "0-1"]
[WhiteElo "1739"]
[BlackElo "2156"]
[PlyCount "54"]
[EventDate "2020.??.??"]

1. e4 c5 2. Nf3 Nc6 3. d4 cxd4 4. Nxd4 Nf6 5. Nc3 e5 6. Ndb5 d6 7. Nd5 Nxd5 8.
exd5 Nb8 9. c4 Be7 10. Be2 O-O 11. O-O a6 12. Nc3 f5 13. Kh1 Nd7 14. f4 Bf6 15.
Qc2 exf4 16. Bxf4 Be5 17. Bxe5 Nxe5 18. b4 Qh4 19. Qb3 a5 20. a3 axb4 21. axb4
Rxa1 22. Rxa1 f4 23. Ne4 Bg4 24. Bxg4 Nxg4 25. h3 f3 26. Nxd6 Qg3 27. Kg1 Qxg2#
0-1

[Event "Torneo Nuevo Centro. Jornada 7"]
[Site "Chess.com"]
[Date "2020.07.31"]
[Round "4"]
[White "Rodriguez Rodriguez, Joan David"]
[Black "Aguado, Pablo Luis"]
[Result "0-1"]
[WhiteElo "1648"]
[BlackElo "1898"]
[PlyCount "44"]
[EventDate "2020.??.??"]

1. d4 d5 2. c4 e6 3. Nc3 Nf6 4. cxd5 exd5 5. Bg5 c6 6. e3 Bd6 7. Bd3 O-O 8. Qc2
h6 9. Bh4 Re8 10. Nge2 a5 11. O-O Na6 12. a3 Nc7 13. Qd2 Ne6 14. f3 Ng5 15. Bf2
Qc7 16. Ng3 h5 17. Rfe1 h4 18. Nf1 h3 19. e4 Nfh7 20. e5 Be7 21. f4 hxg2 22.
Ng3 Nf3+ 0-1

[Event "Torneo Nuevo Centro. Jornada 7"]
[Site "Chess.com"]
[Date "2020.07.31"]
[Round "4"]
[White "Galiana Fernández, Héctor"]
[Black "Donate Peris, Jose Manuel"]
[Result "1-0"]
[WhiteElo "1391"]
[BlackElo "1529"]
[PlyCount "43"]
[EventDate "2020.??.??"]

1. e4 e6 2. d4 d5 3. exd5 exd5 4. Nf3 Bg4 5. h3 Bh5 6. Bd3 Nf6 7. Bg5 Be7 8.
Bxf6 Bxf6 9. Nbd2 Bxd4 10. g4 Bxb2 11. Rb1 Qe7+ 12. Qe2 Qxe2+ 13. Bxe2 Bxg4 14.
hxg4 Bc3 15. Rxb7 Ba5 16. Kd1 Bb6 17. a4 a5 18. Ne5 Nd7 19. Bb5 Rd8 20. Nxd7
Rxd7 21. Re1+ Kd8 22. Rb8# 1-0

[Event "Torneo Nuevo Centro. Jornada 7"]
[Site "Chess.com"]
[Date "2020.07.31"]
[Round "4"]
[White "Saiz Sapena, Veronica"]
[Black "Ursariu, Nikolas Victor"]
[Result "1-0"]
[WhiteElo "1540"]
[BlackElo "1034"]
[PlyCount "53"]
[EventDate "2020.??.??"]

1. d4 d5 2. Nf3 Nc6 3. Bf4 Bf5 4. a3 e6 5. Nc3 Nf6 6. e3 a6 7. Bd3 Bg6 8. Bxg6
hxg6 9. Bg5 Bd6 10. Qe2 Qe7 11. e4 dxe4 12. Nxe4 O-O-O 13. Nxd6+ Rxd6 14. c3
Kb8 15. Ne5 Rh5 16. Bf4 Rf5 17. g3 Rh5 18. Nxc6+ Rxc6 19. O-O-O Rb6 20. g4 Rh8
21. Bg5 Rd8 22. f4 Qd6 23. Qe5 Qxe5 24. dxe5 Rxd1+ 25. Rxd1 Ne4 26. Bh4 Kc8 27.
Rd8# 1-0

[Event "Torneo Nuevo Centro. Jornada 7"]
[Site "Chess.com"]
[Date "2020.07.31"]
[Round "4"]
[White "Aymerich Rosell, Pablo"]
[Black "Alvarez Usina, Jordi"]
[Result "1-0"]
[WhiteElo "1984"]
[BlackElo "1348"]
[PlyCount "63"]
[EventDate "2020.??.??"]

1. e4 e5 2. Nf3 Nf6 3. Nxe5 Qe7 4. d4 d6 5. Nf3 Qxe4+ 6. Be2 Be7 7. O-O O-O 8.
Re1 Qc6 9. Nc3 d5 10. Bb5 Qd6 11. Bg5 c6 12. Bf1 Bf5 13. Ne5 Nbd7 14. Rc1 Rfe8
15. Qf3 Bg6 16. Nxd7 Nxd7 17. Bxe7 Rxe7 18. Bd3 Rae8 19. Rxe7 Rxe7 20. Bxg6
hxg6 21. h3 Nf6 22. g3 Qb4 23. Qd3 Qxb2 24. Rb1 Qa3 25. Nxd5 Qd6 26. Nxe7+ Qxe7
27. Qe3 Qd7 28. Re1 Kh7 29. c3 Qxh3 30. Qf3 Qd7 31. Re5 Nh5 32. Kg2 1-0

[Event "Torneo Nuevo Centro. Jornada 7"]
[Site "Chess.com"]
[Date "2020.07.31"]
[Round "4"]
[White "Sanchis Bon, Sergi"]
[Black "Gukasov, Artem"]
[Result "0-1"]
[WhiteElo "971"]
[BlackElo "1530"]
[PlyCount "50"]
[EventDate "2020.??.??"]

1. e4 e6 2. e5 d5 3. exd6 cxd6 4. Nc3 Nf6 5. Nf3 d5 6. d4 Nc6 7. Bd2 Qb6 8. Be3
Qxb2 9. Ne2 Ne4 10. Ne5 Nxe5 11. dxe5 Bb4+ 12. c3 Nxc3 13. Qc1 Ne4+ 14. Kd1
Qxe5 15. Bd4 Qh5 16. f3 Nf6 17. g4 Qh4 18. Kc2 Bd7 19. Bxf6 Qxf6 20. Kd1 Rc8
21. Qb1 Ba4+ 22. Qb3 Bxb3+ 23. axb3 Qxa1+ 24. Nc1 Qxc1+ 25. Ke2 Qd2# 0-1

[Event "Torneo Nuevo Centro. Jornada 7"]
[Site "Chess.com"]
[Date "2020.07.31"]
[Round "4"]
[White "Soliva Ruiz, Ramon"]
[Black "Perrot, Fabien"]
[Result "1-0"]
[WhiteElo "1449"]
[BlackElo "965"]
[PlyCount "55"]
[EventDate "2020.??.??"]

1. d4 d5 2. Bf4 Nf6 3. e3 Bg4 4. Nf3 e6 5. Be2 Be7 6. c3 O-O 7. O-O c5 8. Ne5
Bxe2 9. Qxe2 Nc6 10. Nd2 Qb6 11. Rfb1 h6 12. Ndf3 Nxe5 13. Nxe5 Ne4 14. f3 Nd6
15. dxc5 Qxc5 16. Nd7 Qc6 17. Nxf8 Bxf8 18. a4 Ne8 19. Qb5 Qc8 20. a5 Nf6 21.
Be5 Nd7 22. Bg3 a6 23. Qd3 Be7 24. Re1 Qc6 25. e4 Rc8 26. exd5 Qxd5 27. Qxd5
exd5 28. Rxe7 1-0

[Event "Torneo Nuevo Centro. Jornada 7"]
[Site "Chess.com"]
[Date "2020.07.31"]
[Round "4"]
[White "Serrano Requena, Guillem"]
[Black "Macias Pino, Diego"]
[Result "0-1"]
[WhiteElo "1360"]
[BlackElo "2217"]
[PlyCount "60"]
[EventDate "2020.??.??"]

1. d4 d5 2. Nf3 Nf6 3. Bg5 e6 4. c4 dxc4 5. e3 a6 6. Bxc4 b5 7. Bd3 Bb7 8. Nc3
c5 9. O-O Nbd7 10. Be4 Qb6 11. Bxb7 Qxb7 12. a3 Be7 13. Rc1 O-O 14. Ne5 Nxe5
15. dxe5 Nd5 16. Bxe7 Nxe7 17. f4 Rad8 18. Qe2 c4 19. Rfd1 Qb6 20. Ne4 Nd5 21.
Re1 Nxf4 22. Qf3 Ng6 23. Kh1 Nxe5 24. Qh5 Nd3 25. Ng5 h6 26. Ne4 Nxc1 27. Rf1
Qxe3 28. Qh4 Rd4 29. Rf4 Rd1+ 30. Rf1 Rxf1# 0-1

[Event "Torneo Nuevo Centro. Jornada 7"]
[Site "Chess.com"]
[Date "2020.07.31"]
[Round "4"]
[White "Marques Montolio, Luis"]
[Black "Gimeno Higueras, Roberto"]
[Result "0-1"]
[WhiteElo "1420"]
[BlackElo "2060"]
[PlyCount "62"]
[EventDate "2020.??.??"]

1. e4 c6 2. Nf3 d5 3. exd5 cxd5 4. d4 Nc6 5. c3 Bg4 6. h3 Bh5 7. Bd3 Nf6 8. O-O
e6 9. Bg5 Bd6 10. Nbd2 O-O 11. Qc2 h6 12. Bh4 Rc8 13. a3 e5 14. dxe5 Nxe5 15.
Nxe5 Bxe5 16. Rfe1 Bb8 17. g4 Bxg4 18. hxg4 Qd6 19. Bg3 Qb6 20. Bxb8 Rxb8 21.
Be2 Qc7 22. Qf5 Qb6 23. g5 hxg5 24. Qxg5 Qxb2 25. Nf3 Rbe8 26. Bf1 Qxc3 27.
Rac1 Qxa3 28. Nh4 Ne4 29. Qxd5 Qb2 30. Be2 Nc3 31. Ng6 Nxd5 0-1

[Event "Torneo Nuevo Centro. Jornada 7"]
[Site "Chess.com"]
[Date "2020.07.31"]
[Round "4"]
[White "Miranda Calvo, Max Rodrigo"]
[Black "Chofre Murcia, Adrián"]
[Result "0-1"]
[WhiteElo "1307"]
[BlackElo "1680"]
[PlyCount "92"]
[EventDate "2020.??.??"]

1. e4 e5 2. Nf3 Nc6 3. Bc4 Bc5 4. d3 Nf6 5. Bg5 O-O 6. Nc3 h6 7. Bh4 Nd4 8. Nd5
Be7 9. Nxe5 Nxd5 10. Bxd5 Bxh4 11. Qc1 Qf6 12. Ng4 Qg5 13. Qxg5 Bxg5 14. h4 Be7
15. O-O d6 16. Ne3 c6 17. Bc4 Bxh4 18. g3 Bg5 19. f4 Be7 20. c3 Ne6 21. d4 b5
22. Bb3 a5 23. d5 cxd5 24. Bxd5 Ra7 25. f5 Nc7 26. Bb3 a4 27. Bc2 d5 28. exd5
Bc5 29. Kf2 Nxd5 30. Rfe1 Bxe3+ 31. Rxe3 Nxe3 32. Kxe3 Re8+ 33. Kd4 Rd7+ 34.
Kc5 Re5+ 35. Kb4 Re2 36. Rc1 Rdd2 37. Bb1 Rxb2+ 38. Ka5 Re5 39. a3 Bd7 40. g4
b4+ 41. Kb6 bxa3+ 42. Kc7 Be8 43. Kd6 Ree2 44. Bd3 Red2 45. Ke7 Rxd3 46. Kxe8
Re2# 0-1

[Event "Torneo Nuevo Centro. Jornada 7"]
[Site "Chess.com"]
[Date "2020.07.31"]
[Round "4"]
[White "Zamora Soler, Raul"]
[Black "Rodriguez, Mathias"]
[Result "1-0"]
[WhiteElo "1864"]
[BlackElo "1985"]
[PlyCount "97"]
[EventDate "2020.??.??"]

1. e4 c5 2. Nf3 Nc6 3. d4 cxd4 4. Nxd4 g6 5. c4 Bg7 6. Be3 d6 7. Nc3 Nf6 8. f3
Bd7 9. Qd2 Nxd4 10. Bxd4 Bc6 11. Rc1 O-O 12. Be2 Nd7 13. O-O Rc8 14. Rfd1 Bxd4+
15. Qxd4 Qb6 16. Qxb6 Nxb6 17. b3 Rfd8 18. Kf2 a5 19. Nd5 Bxd5 20. cxd5 Kf8 21.
Bb5 Rc5 22. Rxc5 dxc5 23. Rc1 Rc8 24. Ke2 Na8 25. Kd3 b6 26. a4 Nc7 27. Kc4 Ne8
28. Bxe8 Kxe8 29. Kb5 Rb8 30. e5 Kd7 31. Rd1 Kc7 32. d6+ exd6 33. Rxd6 Re8 34.
f4 Rb8 35. Rc6+ Kd7 36. Rxb6 Rc8 37. Rd6+ Ke7 38. Kxa5 c4 39. bxc4 Rxc4 40. Rf6
Rc2 41. g4 Rxh2 42. g5 h5 43. gxh6 Rxh6 44. Kb6 Rh2 45. a5 Rb2+ 46. Kc7 Rc2+
47. Kb7 Rb2+ 48. Rb6 Ra2 49. a6 1-0

[Event "Torneo Nuevo Centro. Jornada 7"]
[Site "Chess.com"]
[Date "2020.07.31"]
[Round "4"]
[White "Carbonell Bofill, Carlos Eloy"]
[Black "Montesinos Diaz, Luis"]
[Result "0-1"]
[WhiteElo "1990"]
[BlackElo "1807"]
[PlyCount "62"]
[EventDate "2020.??.??"]

1. d4 d5 2. Nf3 Nf6 3. Bf4 Bg4 4. Ne5 Bf5 5. c4 e6 6. Qb3 Qc8 7. e3 Bd6 8. Nc3
c6 9. Rc1 O-O 10. cxd5 exd5 11. Be2 h6 12. O-O Re8 13. Bf3 Bxe5 14. dxe5 Ne4
15. Nxd5 Nd2 16. Qb4 Nxf1 17. Ne7+ Rxe7 18. Qxe7 Nd2 19. Bh5 Qe6 20. Qd8+ Kh7
21. Rd1 Nc4 22. b3 Nb6 23. Rd6 Qc8 24. Bxf7 Qxd8 25. Rxd8 N8d7 26. Rxa8 Nxa8
27. e6 Nf6 28. e7 Bd7 29. Be5 Ne8 30. f4 Nb6 31. f5 Nd5 0-1

[Event "Torneo Nuevo Centro. Jornada 7"]
[Site "Chess.com"]
[Date "2020.07.31"]
[Round "4"]
[White "Fernández Martin, Carlos"]
[Black "Jordan Martinez, David"]
[Result "1-0"]
[WhiteElo "1791"]
[BlackElo "1887"]
[PlyCount "73"]
[EventDate "2020.??.??"]

1. e4 e6 2. d4 d5 3. Bd3 dxe4 4. Bxe4 Nf6 5. Bd3 Be7 6. Nf3 O-O 7. O-O c5 8.
dxc5 Qc7 9. b4 a5 10. c3 Rd8 11. Qc2 b6 12. cxb6 Qxb6 13. Be3 Qc7 14. bxa5 Rxa5
15. Nbd2 e5 16. Nb3 Ra8 17. Be2 Bb7 18. Nfd2 Nc6 19. Nc4 Nd7 20. Bg4 Ra6 21.
Bxd7 Rxd7 22. Bc5 Ra8 23. Bb6 Qb8 24. Nc5 Bxc5 25. Bxc5 Ba6 26. Nb6 Rb7 27.
Rfb1 Raa7 28. Nd7 Qd8 29. Bxa7 Rxd7 30. Bb6 Qg5 31. Qa4 Bb7 32. Be3 Qd8 33.
Rxb7 Rxb7 34. Qxc6 Rc7 35. Bb6 Rxc6 36. Bxd8 Rxc3 37. a4 1-0

[Event "Torneo Nuevo Centro. Jornada 7"]
[Site "Chess.com"]
[Date "2020.07.31"]
[Round "4"]
[White "Bosch Jordà, Ricard"]
[Black "Birnoveanu, Petru"]
[Result "1-0"]
[WhiteElo "1913"]
[BlackElo "1653"]
[PlyCount "55"]
[EventDate "2020.??.??"]

1. e4 e6 2. d4 d5 3. Nd2 c5 4. exd5 Qxd5 5. Ngf3 cxd4 6. Bc4 Qc5 7. O-O Nc6 8.
Qe2 a6 9. Nb3 Qa7 10. Rd1 b5 11. Bd5 Nge7 12. Nbxd4 Nxd5 13. Nxc6 Qc5 14. Nfd4
Bd7 15. Ne5 Rd8 16. Nxd7 Rxd7 17. c3 Be7 18. Be3 Nxe3 19. Qxe3 Bf6 20. h3 O-O
21. Nc2 Rxd1+ 22. Rxd1 Qh5 23. Rd6 a5 24. Nd4 Qc5 25. Rc6 Qd5 26. Ra6 a4 27.
Ra5 Bxd4 28. cxd4 1-0

[Event "Torneo Nuevo Centro. Jornada 7"]
[Site "Chess.com"]
[Date "2020.07.31"]
[Round "4"]
[White "Morata Briones, Carlos"]
[Black "Conejero Martínez, Víctor"]
[Result "0-1"]
[WhiteElo "952"]
[BlackElo "1400"]
[PlyCount "66"]
[EventDate "2020.??.??"]

1. e4 c5 2. Bc4 e6 3. Nf3 d5 4. exd5 exd5 5. Bb5+ Nc6 6. Nc3 a6 7. Bd3 Nf6 8.
Qe2+ Be7 9. O-O Be6 10. Na4 c4 11. Bxc4 dxc4 12. Ng5 Bg4 13. Qxc4 Ne5 14. Qb3
b5 15. Nc3 O-O 16. f3 Bc5+ 17. Kh1 Bf5 18. g4 Bg6 19. d3 Qc7 20. f4 Qc6+ 21.
Nce4 Nxe4 22. Kg2 Nd2+ 23. Qd5 Qxd5+ 24. Kg3 Nxf1+ 25. Kh3 Nd7 26. d4 Qh1 27.
Nf3 Bd6 28. a4 Qxf3+ 29. Kh4 Qf2+ 30. Kh3 Qf3+ 31. Kh4 Be7+ 32. g5 h6 33. Be3
Qh5# 0-1

[Event "Torneo Nuevo Centro. Jornada 7"]
[Site "Chess.com"]
[Date "2020.07.31"]
[Round "4"]
[White "Orts Tomás, Marc"]
[Black "Perez Garcia, Jose Miguel"]
[Result "1/2-1/2"]
[WhiteElo "1775"]
[BlackElo "2039"]
[PlyCount "118"]
[EventDate "2020.??.??"]

1. c4 Nf6 2. g3 g6 3. Bg2 Bg7 4. Nf3 O-O 5. O-O d6 6. Nc3 c5 7. Rb1 Nc6 8. a3
a5 9. d3 Bd7 10. Ne1 Rb8 11. Nc2 Ng4 12. Bd2 h5 13. b4 axb4 14. axb4 b6 15. b5
Nd4 16. Nxd4 Bxd4 17. Nd5 h4 18. Bc3 hxg3 19. hxg3 e6 20. Bxd4 cxd4 21. Nb4 Qg5
22. Re1 Qh5 23. Nc6 Qh2+ 24. Kf1 Bxc6 25. bxc6 Rfc8 26. e3 Ne5 27. exd4 Nxc6
28. d5 Ne5 29. dxe6 fxe6 30. f4 Rf8 31. d4 Nxc4 32. Rxe6 Qxg3 33. Kg1 Rxf4 34.
Qb3 Qf2+ 35. Kh1 Rh4+ 36. Bh3 Kg7 37. Rg1 Rh6 38. Rg2 Qf1+ 39. Kh2 Qf4+ 40. Rg3
Ne3 41. Qxe3 Qf1 42. Re7+ Kh8 43. Re8+ Rxe8 44. Qxe8+ Kg7 45. Qe7+ Kg8 46. Qe8+
Kg7 47. Qd7+ Kg8 48. Qxd6 Qf2+ 49. Rg2 Qh4 50. Rxg6+ Rxg6 51. Qxg6+ Kf8 52.
Qxb6 Qf2+ 53. Bg2 Qh4+ 54. Kg1 Qe1+ 55. Bf1 Qg3+ 56. Bg2 Qe1+ 57. Kh2 Qh4+ 58.
Bh3 Qf2+ 59. Bg2 Qh4+ 1/2-1/2

[Event "Torneo Nuevo Centro. Jornada 7"]
[Site "Chess.com"]
[Date "2020.07.31"]
[Round "4"]
[White "Gómez Alonso, Óscar"]
[Black "Garcia, Jhoel"]
[Result "0-1"]
[WhiteElo "1856"]
[BlackElo "2406"]
[PlyCount "92"]
[EventDate "2020.??.??"]

1. d4 Nf6 2. c4 e6 3. Nc3 Bb4 4. Qc2 b6 5. Nf3 Bb7 6. e3 O-O 7. a3 Bxc3+ 8.
bxc3 Ne4 9. Bd3 f5 10. O-O d6 11. Nd2 Qh4 12. g3 Ng5 13. f3 Qh3 14. Rf2 Nd7 15.
Bf1 Qh5 16. Bg2 Nh3+ 17. Bxh3 Qxh3 18. Nf1 e5 19. a4 Nf6 20. d5 e4 21. fxe4
Nxe4 22. Rg2 c6 23. Nd2 cxd5 24. Nxe4 fxe4 25. cxd5 Bxd5 26. Ba3 Qe6 27. Qd2
Rf5 28. Rd1 Raf8 29. Qd4 Bc4 30. Rgd2 Rf1+ 31. Rxf1 Rxf1+ 32. Kg2 Rf6 33. Qxd6
Qf5 34. Qb8+ Kf7 35. Qc7+ Kg6 36. Qf4 Qxf4 37. gxf4 Bd3 38. Kg3 Rc6 39. Bb2 Kf5
40. Rd1 Rc4 41. Ra1 a5 42. h4 h6 43. Kh3 g6 44. Kg3 Bc2 45. Rc1 Bxa4 46. Rd1
Bxd1 0-1

[Event "Torneo Nuevo Centro. Jornada 7"]
[Site "Chess.com"]
[Date "2020.07.31"]
[Round "4"]
[White "Gil López, Alejandro"]
[Black "Jordan Martinez, Miguel"]
[Result "1-0"]
[WhiteElo "2189"]
[BlackElo "1954"]
[PlyCount "91"]
[EventDate "2020.??.??"]

1. e4 e6 2. Nf3 d5 3. exd5 exd5 4. d4 c6 5. Bd3 Nf6 6. O-O Be7 7. c3 O-O 8. Bg5
Bg4 9. Nbd2 Nbd7 10. Qc2 h6 11. Bh4 Ne8 12. Bxe7 Qxe7 13. Rfe1 Qf6 14. h3 Bxf3
15. Nxf3 Nd6 16. Ne5 Rad8 17. a4 Rfe8 18. Nf3 Qf4 19. b4 Nf6 20. Ne5 Nfe4 21.
f3 Nf6 22. b5 Rc8 23. Reb1 c5 24. Qf2 Nf5 25. Re1 cxd4 26. Bxf5 Qxf5 27. Qxd4
Re6 28. Ng4 Nxg4 29. hxg4 Qg6 30. Qxd5 Rxe1+ 31. Rxe1 Qb6+ 32. Qd4 Qa5 33. Re3
Rd8 34. Qb4 Qb6 35. Qe7 a6 36. c4 axb5 37. axb5 Rd1+ 38. Kh2 Rd8 39. c5 Qa5 40.
b6 Qa8 41. c6 bxc6 42. b7 Qb8+ 43. Kh3 c5 44. Rc3 Rd1 45. g3 Rd5 46. Ra3 1-0

[Event "Torneo Nuevo Centro. Jornada 7"]
[Site "Chess.com"]
[Date "2020.07.31"]
[Round "4"]
[White "Luque Saiz, Andrés"]
[Black "Gracia Calvo, Andrés"]
[Result "1-0"]
[WhiteElo "2019"]
[BlackElo "1810"]
[PlyCount "109"]
[EventDate "2020.??.??"]

1. e4 d5 2. exd5 Qxd5 3. Nc3 Qd6 4. d4 Nf6 5. Nf3 Bg4 6. h3 Bh5 7. Bc4 e6 8.
O-O Be7 9. d5 exd5 10. Nxd5 O-O 11. Bf4 Qd8 12. Bxc7 Qd7 13. Nxe7+ Qxe7 14. Bd6
Bxf3 15. Bxe7 Bxd1 16. Bxf8 Bxc2 17. Rac1 Nc6 18. Bxg7 Kxg7 19. Rxc2 Rd8 20. a3
Ne4 21. Re1 Nd6 22. Bd5 Nd4 23. Rc7 N4f5 24. Bxb7 Rb8 25. Be4 Rxb2 26. Bxf5
Nxf5 27. Rxa7 Nd4 28. Re3 Nb5 29. Ra5 Nd4 30. Kh2 Ra2 31. Rg3+ Kf6 32. Ra6+ Ne6
33. Rf3+ Ke7 34. Ra7+ Kd6 35. Rfxf7 Nc5 36. Rf6+ Kd5 37. Rf5+ Kc4 38. Rc7 Rxa3
39. Rcxc5+ Kd4 40. Rb5 Ra2 41. Rb4+ Kc3 42. Re4 Kd3 43. Rg4 Ra8 44. Rf3+ Ke2
45. Rb4 Ra2 46. Kg3 h5 47. Re3+ Kd2 48. Rd4+ Kc2 49. Re2+ Kb3 50. Rd3+ Ka4 51.
Rxa2+ Kb5 52. Rc2 h4+ 53. Kxh4 Kb4 54. f4 Kb5 55. f5 1-0

[Event "Torneo Nuevo Centro. Jornada 7"]
[Site "Chess.com"]
[Date "2020.07.31"]
[Round "4"]
[White "Kovacevic, Slobodan"]
[Black "Gutierrez Marco, Dario"]
[Result "1-0"]
[WhiteElo "2194"]
[BlackElo "1834"]
[PlyCount "111"]
[EventDate "2020.??.??"]

1. d4 Nf6 2. Nf3 g6 3. Bg5 Bg7 4. Nbd2 d5 5. c3 O-O 6. e3 c6 7. Be2 Bf5 8. O-O
a5 9. a4 Nbd7 10. Qb3 Qc7 11. Bf4 Qb6 12. Qa3 e6 13. Rfc1 Bg4 14. h3 Bxf3 15.
Bxf3 Nh5 16. Bxh5 gxh5 17. Rcb1 e5 18. Bh2 f5 19. Qd6 Qd8 20. dxe5 Re8 21. e6
Nf6 22. Qe5 Ne4 23. Qxf5 Nxd2 24. Rd1 Ne4 25. Qxh5 Rxe6 26. Bf4 Rg6 27. c4 Nf6
28. Qf3 Qe7 29. cxd5 Nxd5 30. Bg3 Rf8 31. Qe2 Qf7 32. Rd3 Qf5 33. Rad1 Be5 34.
e4 Qg5 35. exd5 Bxg3 36. Rxg3 Qf5 37. Rxg6+ hxg6 38. dxc6 bxc6 39. Rd3 Rf6 40.
b3 Re6 41. Qd2 Kg7 42. Rf3 Qe5 43. Re3 Qa1+ 44. Kh2 Rf6 45. Re7+ Rf7 46. Rxf7+
Kxf7 47. Qxa5 Qd4 48. Qc7+ Kf6 49. Qg3 Qb4 50. Qf3+ Kg7 51. g3 c5 52. Kg2 c4
53. bxc4 Qxc4 54. Qb7+ Kh6 55. a5 Qa4 56. a6 1-0

[Event "Torneo Nuevo Centro. Jornada 7"]
[Site "Chess.com"]
[Date "2020.07.31"]
[Round "4"]
[White "Bendayán Claros, Aaron"]
[Black "Chernikov, Vladimir"]
[Result "1/2-1/2"]
[WhiteElo "2021"]
[BlackElo "2214"]
[PlyCount "111"]
[EventDate "2020.??.??"]

1. d4 Nf6 2. Bg5 Ne4 3. Bf4 d6 4. Nd2 Nxd2 5. Qxd2 Nd7 6. e4 e5 7. Be3 Be7 8.
f3 c6 9. c4 Qc7 10. Bd3 exd4 11. Bxd4 Bf6 12. Qc3 Bxd4 13. Qxd4 Qa5+ 14. Kf2
Ne5 15. Ne2 Qc5 16. Rhd1 Qxd4+ 17. Nxd4 Be6 18. b3 O-O-O 19. h3 h5 20. Be2 h4
21. a4 Rhe8 22. a5 g5 23. Rac1 Kc7 24. b4 b6 25. axb6+ axb6 26. c5 dxc5 27.
bxc5 b5 28. Ke3 Ra8 29. Ra1 Bc4 30. Nf5 Bxe2 31. Kxe2 Nc4 32. Nd6 Nxd6 33.
cxd6+ Kd7 34. Rxa8 Rxa8 35. f4 gxf4 36. Kf3 Ra2 37. e5 b4 38. Kxf4 b3 39. Rb1
Ra4+ 40. Ke3 Rb4 41. Kd3 c5 42. Kc3 f6 43. exf6 Kxd6 44. Rxb3 Rxb3+ 45. Kxb3
Ke6 46. Kc4 Kxf6 47. Kxc5 Kf5 48. Kd4 Kf4 49. Kd3 Kg3 50. Ke3 Kxg2 51. Ke2 Kxh3
52. Kf3 Kh2 53. Kf2 Kh1 54. Kf1 h3 55. Kf2 h2 56. Kf1 1/2-1/2

[Event "Torneo Nuevo Centro. Jornada 7"]
[Site "Chess.com"]
[Date "2020.07.31"]
[Round "4"]
[White "Escalona Moncholi, Felix"]
[Black "Sendra Tormo, Juan"]
[Result "0-1"]
[WhiteElo "2054"]
[BlackElo "2289"]
[PlyCount "110"]
[EventDate "2020.??.??"]

1. e4 c5 2. Nf3 d6 3. d4 cxd4 4. Qxd4 Nc6 5. Bb5 a6 6. Bxc6+ bxc6 7. c4 e5 8.
Qd3 Be7 9. Nc3 Be6 10. O-O Nf6 11. Bg5 h6 12. Bxf6 Bxf6 13. Rfd1 Be7 14. b3 O-O
15. c5 dxc5 16. Nxe5 Qc7 17. Nc4 Bf6 18. Rac1 Rfd8 19. Qe2 Bd4 20. Na4 Rab8 21.
Nd2 Qa5 22. Nf3 Qb5 23. Qc2 Bg4 24. Qc4 Be6 25. Qc2 Bg4 26. Rd2 Bxf3 27. gxf3
Qb4 28. Re2 Rb5 29. Qc4 Qa3 30. Rcc2 Be5 31. Red2 Bd4 32. Kg2 Rb4 33. Qd3 Rb5
34. Qc4 Rdb8 35. Qe2 c4 36. Qxc4 c5 37. Qd5 Rb4 38. Rc4 Rxc4 39. Qxc4 Rb5 40.
Rc2 Kf8 41. Nc3 Bxc3 42. Qxc3 Ra5 43. Qd3 Kg8 44. Qd8+ Kh7 45. Qd2 Kg8 46. Qc3
Kh7 47. Qd3 Rb5 48. e5+ g6 49. Rd2 Qb4 50. Qd5 Rb7 51. Qd6 Qf4 52. e6 Qg5+ 53.
Kf1 fxe6 54. Qxe6 Qxd2 55. Qc8 Rd7 0-1

[Event "Torneo Nuevo Centro. Jornada 7"]
[Site "Chess.com"]
[Date "2020.07.31"]
[Round "4"]
[White "Roca Cruz, Rafael"]
[Black "Lloret Ramis, Juan José"]
[Result "1-0"]
[WhiteElo "1815"]
[BlackElo "1995"]
[PlyCount "103"]
[EventDate "2020.??.??"]

1. d4 d5 2. c4 e6 3. Nc3 Nf6 4. Bg5 Be7 5. cxd5 exd5 6. e3 c6 7. Bd3 Nbd7 8.
Qc2 Nh5 9. Bxe7 Qxe7 10. Nge2 g6 11. O-O Ndf6 12. Rae1 O-O 13. Nc1 Ng7 14. f3
Nf5 15. Bxf5 Bxf5 16. e4 Be6 17. e5 Nd7 18. g4 c5 19. N1e2 cxd4 20. Nxd4 Qc5
21. Qf2 Rac8 22. h3 Qb6 23. Ndb5 a6 24. Nd6 Rc6 25. f4 Nc5 26. f5 Bd7 27. Re3
Rxd6 28. exd6 Qxd6 29. Qg3 Qxg3+ 30. Rxg3 d4 31. Nd5 Rd8 32. b4 Ne4 33. Rd3 Bb5
34. Rxd4 Bxf1 35. Nf6+ Kg7 36. Rxd8 Kxf6 37. Kxf1 gxf5 38. gxf5 Kxf5 39. Rd7
Ke6 40. Rxb7 Ng5 41. Rb6+ Kd5 42. h4 Nf3 43. Rh6 Kc4 44. a3 Ne5 45. Rxa6 Kb3
46. Ke2 Kc4 47. Ke3 f5 48. Kf4 Ng6+ 49. Kg5 f4 50. h5 f3 51. hxg6 hxg6 52. Rf6
1-0

[Event "Torneo Nuevo Centro. Jornada 7"]
[Site "Chess.com"]
[Date "2020.07.31"]
[Round "4"]
[White "Cayon Pelaez, Pablo"]
[Black "Pedros Viudes, Santiago"]
[Result "1-0"]
[WhiteElo "1800"]
[BlackElo "1925"]
[PlyCount "117"]
[EventDate "2020.??.??"]

1. d4 Nf6 2. c4 e5 3. dxe5 Ne4 4. a3 d6 5. exd6 Bxd6 6. Nf3 Nc6 7. e3 Qf6 8.
Bd3 Nc5 9. Be2 Bg4 10. Nc3 O-O-O 11. Nd5 Qg6 12. Nh4 Bxe2 13. Qxe2 Qd3 14. b4
Qxe2+ 15. Kxe2 Nb3 16. Rb1 Nxc1+ 17. Rhxc1 Ne5 18. c5 Bf8 19. Nc3 c6 20. Ne4 g6
21. f4 Ng4 22. h3 Be7 23. Nf3 Nf6 24. Neg5 Rdf8 25. Ne5 Nd5 26. Ngxf7 Rhg8 27.
Nh6 Rg7 28. Nhg4 Re8 29. g3 h5 30. Nf2 Bf6 31. Nfd3 Rge7 32. Kf3 Kc7 33. e4
Bxe5 34. Nxe5 Nf6 35. Rd1 Rg7 36. Rd4 Rd8 37. Rbd1 Rxd4 38. Rxd4 g5 39. Rd6 Ne8
40. Re6 Kd8 41. f5 g4+ 42. hxg4 hxg4+ 43. Nxg4 Nc7 44. Rd6+ Kc8 45. f6 Rf7 46.
Nh6 Rf8 47. e5 Ne8 48. Re6 Nc7 49. Re7 Nd5 50. Rf7 Re8 51. Ke4 Nc3+ 52. Kf5 Ne2
53. e6 Nxg3+ 54. Ke5 Ne2 55. e7 Nc3 56. Rf8 Kd7 57. Rxe8 Kxe8 58. Ke6 Nd5 59.
f7# 1-0

[Event "Torneo Nuevo Centro. Jornada 7"]
[Site "Chess.com"]
[Date "2020.07.31"]
[Round "5"]
[White "Lopez Mateo, Juan Carlos"]
[Black "Zamora Soler, Raul"]
[Result "1-0"]
[WhiteElo "2332"]
[BlackElo "1863"]
[PlyCount "27"]
[EventDate "2020.??.??"]

1. e4 c5 2. Nf3 Nc6 3. b4 cxb4 4. d4 d5 5. exd5 Qxd5 6. c4 bxc3 7. Nxc3 Qa5 8.
d5 Qxc3+ 9. Bd2 Qf6 10. dxc6 bxc6 11. Rc1 Bg4 12. Qa4 Bxf3 13. gxf3 Qxf3 14.
Rxc6 1-0

[Event "Torneo Nuevo Centro. Jornada 7"]
[Site "Chess.com"]
[Date "2020.07.31"]
[Round "5"]
[White "Sendra Tormo, Juan"]
[Black "Vega Gutiérrez, Sabrina"]
[Result "1-0"]
[WhiteElo "2294"]
[BlackElo "2149"]
[PlyCount "25"]
[EventDate "2020.??.??"]

1. e4 c5 2. Nf3 Nc6 3. b4 cxb4 4. d4 d5 5. exd5 Qxd5 6. c4 bxc3 7. Nxc3 Qa5 8.
d5 Bg4 9. Bd2 Bxf3 10. Qxf3 Nd4 11. Qe4 Qb6 12. Be3 Qb2 13. Rc1 1-0

[Event "Torneo Nuevo Centro. Jornada 7"]
[Site "Chess.com"]
[Date "2020.07.31"]
[Round "5"]
[White "Pardo Ruiz, Carlos"]
[Black "Bosch Jordà, Ricard"]
[Result "0-1"]
[WhiteElo "1735"]
[BlackElo "1917"]
[PlyCount "56"]
[EventDate "2020.??.??"]

1. e4 c5 2. Nf3 Nc6 3. d4 cxd4 4. Nxd4 g6 5. Nc3 Bg7 6. Be3 Nf6 7. f3 O-O 8.
Qd2 d5 9. exd5 Nb4 10. Bc4 Nfxd5 11. Nxd5 Nxd5 12. Bxd5 Qxd5 13. c3 Rd8 14.
O-O-O Qxa2 15. Qc2 e5 16. Nb5 Bf5 17. Rxd8+ Rxd8 18. Qxf5 gxf5 19. Rg1 f4 20.
Bf2 Qa1+ 21. Kc2 Qa4+ 22. b3 Qxb5 23. Re1 Qd3+ 24. Kb2 Qd2+ 25. Ka3 Qxf2 26.
Ra1 Qc5+ 27. Kb2 Rd2+ 28. Kb1 Qg1# 0-1

[Event "Torneo Nuevo Centro. Jornada 7"]
[Site "Chess.com"]
[Date "2020.07.31"]
[Round "5"]
[White "Ursariu, Nikolas Victor"]
[Black "Rabbani Perez, Ayoub"]
[Result "1-0"]
[WhiteElo "1035"]
[BlackElo "276"]
[PlyCount "37"]
[EventDate "2020.??.??"]

1. e4 Nc6 2. Nf3 Nd4 3. Nxd4 Rb8 4. Nc3 Ra8 5. Nf3 b5 6. Nxb5 c5 7. Bc4 Ba6 8.
Nd6+ exd6 9. Bxa6 Qh4 10. Nxh4 Kd8 11. Qh5 c4 12. Bxc4 d5 13. Qxd5 a5 14. Qxf7
Nf6 15. d3 Ba3 16. bxa3 Kc8 17. Qe7 Rd8 18. Qc5+ Kb8 19. Rb1# 1-0